Modern tools in computer simulation for solving business problems; Молодежь и современные информационные технологии

التفاصيل البيبلوغرافية
Parent link:Молодежь и современные информационные технологии.— 2012.— [С. 310-311]
المؤلف الرئيسي: Kazantseva E. S.
مؤلفون آخرون: Krasnenkaya E. A. (научный руководитель), Aksenov S. V. Sergey Vladimirovich
الملخص:Заглавие с титульного экрана
اللغة:الإنجليزية
منشور في: 2012
سلاسل:Информационные системы и программные средства в производстве и управлении
الموضوعات:
الوصول للمادة أونلاين:http://www.lib.tpu.ru/fulltext/c/2012/C04/129.pdf
التنسيق: MixedMaterials الكتروني فصل الكتاب
KOHA link:https://koha.lib.tpu.ru/cgi-bin/koha/opac-detail.pl?biblionumber=610924

MARC

LEADER 00000naa2a2200000 4500
001 610924
005 20231101132630.0
035 |a (RuTPU)RU\TPU\conf\8566 
035 |a RU\TPU\conf\8562 
090 |a 610924 
100 |a 20150208d2012 k y0rusy50 ca 
101 0 |a eng 
102 |a RU 
105 |a y z 101zy 
135 |a drgn ---uucaa 
181 0 |a i  
182 0 |a b 
200 1 |a Modern tools in computer simulation for solving business problems  |f E. S. Kazantseva, E. A. Krasnenkaya  |g sci. adv. S. V. Aksenov 
203 |a Текст  |c электронный 
225 1 |a Информационные системы и программные средства в производстве и управлении 
230 |a 1 компьютерный файл (pdf; 166 Kb) 
300 |a Заглавие с титульного экрана 
320 |a [Библиогр.: с. 311 (4 назв.)] 
337 |a Adobe Reader 
463 0 |0 (RuTPU)RU\TPU\conf\6944  |t Молодежь и современные информационные технологии  |o сборник трудов X Международной научно-практической конференции студентов, аспирантов и молодых ученых, г. Томск, 13-16 ноября 2012 г.  |f Национальный исследовательский Томский политехнический университет (ТПУ) ; под ред. Е. А. Сикоры и др.  |v [С. 310-311]  |d 2012 
610 1 |a труды учёных ТПУ 
610 1 |a электронный ресурс 
610 1 |a компьютерное моделирование 
610 1 |a современные средства 
610 1 |a бизнес-проблемы 
610 1 |a массовое обслуживание 
700 1 |a Kazantseva  |b E. S. 
701 1 |a Krasnenkaya  |b E. A. 
702 1 |a Aksenov  |b S. V.  |c Specialist in the field of informatics and computer technology  |c Associate Professor of Tomsk Polytechnic University, Candidate of technical sciences  |f 1983-  |g Sergey Vladimirovich  |2 stltpush  |4 727 
801 2 |a RU  |b 63413507  |c 20150208  |g RCR 
856 4 |u http://www.lib.tpu.ru/fulltext/c/2012/C04/129.pdf 
942 |c BK